The sovereign prerogative : (Record no. 44633)
[ view plain ]
| 000 -LEADER | |
|---|---|
| fixed length control field | 01013mam a2200289 4500 |
| 001 - CONTROL NUMBER | |
| control field | 44633 |
| 003 - CONTROL NUMBER IDENTIFIER | |
| rucl marc code | BD-RjUL |
| 005 - DATE AND TIME OF LATEST TRANSACTION | |
| control field | 20211209053907.0 |
| 008 - FIXED-LENGTH DATA ELEMENTS--GENERAL INFORMATION | |
| fixed length control field | 180716s1962 ctu b 001 0 eng |
| 035 ## - SYSTEM CONTROL NUMBER | |
| System control number | (OCoLC)ocm03335382 |
| System control number | (BD-RjUL) |
| System control number | (NNC)2401806 |
| 040 ## - CATALOGING SOURCE | |
| Original cataloging agency | DLC |
| Transcribing agency | IAR |
| Modifying agency | IAR |
| -- | OCL |
| -- | SER |
| -- | OCL |
| -- | UKM |
| -- | UBA |
| -- | BD-RjUL |
| Language of cataloging | eng |
| 041 ## - LANGUAGE CODE | |
| Language code of text/sound track or separate title | eng |
| 082 00 - DEWEY DECIMAL CLASSIFICATION NUMBER | |
| Classification number | 347.9973 |
| Edition number | 23 |
| Author mark and year | ROS 1962 |
| 100 1# - MAIN ENTRY--PERSONAL NAME | |
| Personal name | Rostow, Eugene V. |
| Fuller form of name | (Eugene Victor), |
| Dates associated with a name | 1913-2002. |
| 9 (RLIN) | 136916 |
| 245 14 - TITLE STATEMENT | |
| Title | The sovereign prerogative : |
| Remainder of title | the Supreme Court and the quest for law / |
| Statement of responsibility, etc. | Eugene V. Rostow, |
| 260 ## - PUBLICATION, DISTRIBUTION, ETC. (IMPRINT) | |
| Place of publication, distribution, etc. | New Haven : |
| Name of publisher, distributor, etc. | Yale University Press, |
| Date of publication, distribution, etc. | 1962. |
| 300 ## - PHYSICAL DESCRIPTION | |
| Pagination | 318 p. ; |
| Size | 22 cm. |
| 504 ## - BIBLIOGRAPHY, ETC. NOTE | |
| Bibliography, etc | Includes bibliographical references. |
| 610 10 - SUBJECT ADDED ENTRY--CORPORATE NAME | |
| Corporate name or jurisdiction name as entry element | United States. |
| Subordinate unit | Supreme Court. |
| 650 #0 - SUBJECT ADDED ENTRY--TOPICAL TERM | |
| Topical term or geographic name as entry element | Judicial review |
| Geographic subdivision | United States. |
| 9 (RLIN) | 125707 |
| Topical term or geographic name as entry element | Poder Judiciario (Direito Constitucional) |
| Source of heading or term | larpcal |
| 9 (RLIN) | 136917 |
| 942 ## - ADDED ENTRY ELEMENTS (KOHA) | |
| Source of classification or shelving scheme | Dewey Decimal Classification |
| Koha item type | Books |
| Lost status | Source of classification or shelving scheme | Damaged status | Not for loan | Collection code | Permanent Location | Current Location | Shelving location | Date acquired | Source of acquisition | Cost, normal purchase price | Total Checkouts | Full call number | Date last seen | Copy number | Koha item type |
|---|---|---|---|---|---|---|---|---|---|---|---|---|---|---|---|
| Dewey Decimal Classification | Non-fiction | Central Library, University of Rajshahi | Central Library, University of Rajshahi | 19/06/1973 | H.S. A | 3.50 | 347.9973 ROS 1962 | 18/07/2016 | C-2 | Books |